Canadian Geography by Letter - P - Statistics

General Stats
  • This quiz has been taken 16 times
  • The average score is 6 of 15
Answer Stats
Hint Answer % Correct
Royal title used in the name of 1 province and 2 BC cities Prince
93%
Canada's west coast includes it in this oceanic region {Pacific} Rim
87%
Continuously frozen ground that makes up much of Canada's north Permafrost
80%
Plains region of Western Canada, including Alberta, Saskatchewan and Manitoba the {Prairies}
80%
Important natural resource industry across Canada. Forestry by-products {Pulp} and {Paper}
67%
City in Manitoba named for the overland transportation of canoes {Portage} la Prairie
53%
River running through Alberta and BC. Named for the treaty between the Danezaa and Cree peoples {Peace} River
40%
Ontario's "Electric City." First town in Canada to use electric streetlights Peterborough
33%
British Columbian city located at the southern end of Lake Okanagan Penticton
27%
Large wilderness park in northern Ontario. Named after the animal you might see there {Polar Bear} Provincial Park
20%
Political status of Canada prior to Confederation British {Province}
13%
Island in the Northwest Territories named after the only British prince to serve as Canada's Governor General Prince {Patrick} Island
13%
Town in Nova Scotia. Receiving point for Scottish immigrants during the Highland Clearances Pictou
7%
Hills in Saskatchewan and Manitoba that form the shoreline of former Lake Agassiz {Porcupine} Hills
7%
Semi-arid steppe located across Alberta, Saskatchewan and Manitoba {Palliser's} Triangle
0%
No matching quizzes found
Score Distribution
Percent of People with Each Score
Percentile by Number Answered
Your Score History
You have not taken this quiz